000 00743cam a2200229 4500
005 20150124131611.0
008 090318t20022002sp 000 0 spa u
020 _a8449314461
050 0 4 _aBL 53 .J36
_bT39 2003
100 1 _aTaylor, Charles,
_d1931-
245 1 4 _aLas variedades de las religiones /
_cCharles Taylor,
250 _aPrimera edición: 2003
260 _aBarcelona, España :
_bPaidós,
_c2003.
300 _a126 paginas,
_c20 X 13 centímetros,
440 0 _aEstudios
_vNúmero: 158
500 _aTraducción de : Reconciling the solitudes.
506 _aRec. Esc.
650 7 _aFilosofía
_2Lemb
650 7 _aReligión
_2Lemb
700 1 _aTaylor, Charles,
_eTraducción: Ramon Víla Vernis
942 _2lcc
_cLIB
999 _c78505
_d78505